000 00287nam a22001217a 4500
008 170714b xxu||||| |||| 00| 0 eng d
041 _aeng
080 _a030
100 _a24
101 _aFJA
245 _aROGETS NEW POCKET THESAURUS IN DICTIONARY
_cLEWIS.N
942 _2udc
_cBK
999 _c20901
_d20901